000 00425nam a2200169Ia 4500
008 180921t2015 xxu||||| |||| 00| 0 sin d
041 _asin
080 _a294.3
_bLIY
100 _aLiyanarachchi, R.A.
245 _aඋඳුවප් පොහොය
246 _aUduap Phoya
260 _bSamayawardhana
_aColombo
_c2015
300 _b15p, 18cm
942 _cBK
999 _c3291
_d3291
003 LK-CoDNM
040 _aLK-CoDNM
_dLK-CoDNM
_eLK-CoDNM